Educational Administration. (Record no. 2742)

MARC details
000 -LEADER
fixed length control field 00570nam a22002057a 4500
003 - CONTROL NUMBER IDENTIFIER
control field OSt
005 - DATE AND TIME OF LATEST TRANSACTION
control field 20151127182700.0
008 - FIXED-LENGTH DATA ELEMENTS--GENERAL INFORMATION
fixed length control field 151127b xxu||||| |||| 00| 0 eng d
020 ## - INTERNATIONAL STANDARD BOOK NUMBER
International Standard Book Number 0071180966
040 ## - CATALOGING SOURCE
Transcribing agency DDC.
082 ## - DEWEY DECIMAL CLASSIFICATION NUMBER
Classification number 371.2 HOY 2001.
100 ## - MAIN ENTRY--PERSONAL NAME
Personal name Hoy,K.Wayne;Miskel,G.Cecil;
9 (RLIN) 6382
245 ## - TITLE STATEMENT
Title Educational Administration.
Remainder of title Theory,Research and Practice.
250 ## - EDITION STATEMENT
Edition statement 6th ed
260 ## - PUBLICATION, DISTRIBUTION, ETC. (IMPRINT)
Place of publication, distribution, etc. Boston.
Name of publisher, distributor, etc. MacGrawhill.
Date of publication, distribution, etc. 2001.
300 ## - PHYSICAL DESCRIPTION
Extent xvi,498p;
Other physical details ill;
Dimensions 27cm
504 ## - BIBLIOGRAPHY, ETC. NOTE
Bibliography, etc includes index,bibliography.
650 ## - SUBJECT ADDED ENTRY--TOPICAL TERM
Topical term or geographic name as entry element Education .
9 (RLIN) 1404
942 ## - ADDED ENTRY ELEMENTS (KOHA)
Source of classification or shelving scheme Dewey Decimal Classification
Koha item type Open Shelf
Holdings
Withdrawn status Lost status Source of classification or shelving scheme Damaged status Not for loan Home library Current library Date acquired Source of acquisition Inventory number Total Checkouts Full call number Barcode Date last seen Price effective from Koha item type
    Dewey Decimal Classification     MUST Main Library MUST Main Library 27/11/2015   04/20723   371.2 HOY 2001. 2015-2847 27/11/2015 27/11/2015 Open Shelf